000 00835nam a22002897a 4500
003 CHAP
005 20220329135631.0
008 971013s1948 r 00010 d
010 _a39677
011 _a40649
035 _a44775
040 _cCHAP
082 _a633.4
_bM66
100 0 0 _aMoore, Henry Ian.
_978072
245 _aRoot crops
260 _aLondon :
_bFarmen & Stock-Breeder,
_c1948
300 _a175 p.
_b: ilus
590 _aBATCH-UPD
_b10
_c20130110
_lUCH01
_h1952
590 _aBATCH-UPD
_b10
_c20130410
_lUCH01
_h1314
590 _aBATCH-UPD
_b10
_c20130914
_lUCH01
_h2043
590 _aCONVERSION
_b10
_c20130109
_lUCH01
_h1322
650 1 4 _aRaíces
_994670
650 1 4 _aTubérculos y cultivos de raíz.
_9115479
901 _aBK
942 _cLIBRO
949 _a633.4 M66
_bBC
_cLIBRO
_d-102561
_eLIBRO
_h22669
_i44775
_si
999 _c39677
_d39677